Determinanty reálných investic a jejich význam v kontextu vývoje ekonomiky ČR

Princípy determinácie reálnych investícií a ich aplikácia na vývoj reálnych investícií v ČR. Základný model determinácie reálnych investícií, jeho rozšírenie o problematiku rizikovosti a kapitálovej štruktúry a porovnanie s prístupom založeným na pridelovaní kapitálu. Závery empirických analýz. Prík...

Ausführliche Beschreibung

Gespeichert in:
Bibliographische Detailangaben
1. Verfasser: Soustružník, Jiří
Format: Buchkapitel
Sprache:Tschechisch
Schlagworte:
Tags: Tag hinzufügen
Keine Tags, Fügen Sie das erste Tag hinzu!

MARC

LEADER 00000naa a2200000 4500
001 r044954
005 20231004102140.9
041 0 |a cze 
044 |a CZ 
245 1 0 |a Determinanty reálných investic a jejich význam v kontextu vývoje ekonomiky ČR  |c Jiří Soustružník 
520 |a Princípy determinácie reálnych investícií a ich aplikácia na vývoj reálnych investícií v ČR. Základný model determinácie reálnych investícií, jeho rozšírenie o problematiku rizikovosti a kapitálovej štruktúry a porovnanie s prístupom založeným na pridelovaní kapitálu. Závery empirických analýz. Príklad ČR. 
610 2 0 |a investície 
610 2 0 |a teórie ekonomické 
610 2 0 |a rozhodovanie investičné 
610 2 0 |a efektívnosť investícií 
610 2 0 |a riziko 
610 2 0 |a návratnosť investícií 
610 2 0 |a financovanie 
610 2 0 |a kapitál 
610 2 0 |a Česko 
610 2 0 |a štruktúra kapitálová 
100 1 |a Soustružník, Jiří